00918nam a2200265 i 4500003000900000005001700009007000300026008004100029040003000070082001400100245009200114264007400206300004200280336002700322337003300349338002800382590002600410700004900436700004100485700004100526700003900567910001500606942001400621999001700635DO-SdBNP20230718145952.0ta230718b20092010dr d|||| |||| 00| 0 spa d aDO-SdBNPbspacBNPHUerda 4bM294d22200aManual del laboratorio de física básica /ccolaboradores, Osiris Robles...[et al.]. aSanto Domingo :bUniversidad Autónoma de Santo Domingo,c2009-2010. a119 páginas :bgráficos ;c27 cm. 2rdacontentatextobtxt 2rdamediaasin mediaciónbn 2rdacarrieravolumenbnc aInventariado, 2023/BT1 aGonzález R., Cristian,938246ecolaborador1 aGómez, Carlos,938247ecolaborador1 aPaulino, Javier,938248ecolaborador1 aPérez, Omar,938249ecolaborador aBtavárez 2ddccLBS1 c54194d54194